| 000 | 01574nam a2200385 a 4500 | ||
|---|---|---|---|
| 001 | |||
| 003 | DO-SdBNP | ||
| 005 | 20210824134359.0 | ||
| 007 | 000008140 | ||
| 008 | 090915s2002 dr 001 0 spa d | ||
| 040 |
_aBPMSU _bspa _cBPMSU |
||
| 082 | 4 |
_a327.17293 _bS225p 2002 _222 |
|
| 100 | 1 |
_4Sang, Mu-Kien Adriana, _d1955- |
|
| 245 | 1 | 3 |
_aLa política exterior dominicana 1961-1974 / _cMu-Kien Adriana Sang ; colaboración Margarita González Auffant y Walter Cornelio |
| 260 |
_aSanto Domingo, : _bSecretaría de Estado de Relaciones Exteriores, _c2002 |
||
| 300 |
_av. ; _c28 cm. |
||
| 500 | _aIncluye índice onomástico y geográfico | ||
| 504 | _aIncluye referencias bibliográficas y notas al pie de las páginas | ||
| 505 | 1 |
_gv. 1.: _t13 Años de política exterior : apuntes para un nuevo enfoque -- _gv.2 : _t La política exterior dominicana : del caos al abandono, 1961-1974 |
|
| 650 | 4 | _aRelaciones internacionales | |
| 651 | 4 |
_aRepública dominicana _xRelaciones exteriores _xHistoria |
|
| 651 | 4 |
_aRepública Dominicana _xPolítica exterior |
|
| 651 | 4 |
_aRepública Dominicana _xHistoria _yEra de Trujillo,1930-1961 |
|
| 651 | 4 |
_aRepública Dominicana _xPolítica y gobierno |
|
| 700 | 1 |
_a González Auffant, Margarita _ecolaboradora |
|
| 700 | 1 |
_aCornelio, Walter _ecolaboradora |
|
| 910 | _aVMateo V. | ||
| 930 | 1 |
_l _m _8 _f _p _h |
|
| 942 |
_2ddc _cBK |
||
| 945 | _aInventariado /2017 VM | ||
| 956 |
_a _b _c _l _h |
||
| 956 |
_a _b _c _l _h |
||
| 956 |
_a _b _c _l _h |
||
| 956 |
_aVMATEO _b10 _c20151106 _lBPMSU _h00151 |
||
| 999 |
_c8598 _d8598 |
||